[Event "Chinese League Div-A Final-KO 2023"]
[Site "Xiongan"]
[Date "2023.12.02"]
[Round "1.1"]
[White "Wen, Yang"]
[Black "Liu, Qingnan"]
[Result "1/2-1/2"]
[WhiteElo "2574"]
[BlackElo "2545"]
[Annotator "ChessBase"]
[PlyCount "60"]
[EventDate "2023.12.02"]
[EventCountry "CHN"]
[SourceTitle "playchess.com"]
[Source "ChessBase"]
[SourceQuality "1"]

1. Nf3 d5 2. g3 Nf6 3. Bg2 g6 4. O-O Bg7 5. d4 O-O 6. c4 c6 7. Nbd2 c5 8. b3 Ne4 9. Bb2 Nxd2 10. Qxd2 dxc4 11. bxc4 cxd4 12. Nxd4 Nc6 13. e3 Be6 14. Qe2 Nxd4 15. exd4 Rc8 16. d5 Bg4 17. Qxg4 Bxb2 18. Rab1 Ba3 19. Rxb7 Bc5 20. Qe2 Qd6 21. Rfb1 Rb8 22. Rxb8 Rxb8 23. Rb3 Rxb3 24. axb3 Kg7 25. Bf3 Qf6 26. Kg2 Qc3 27. Qd1 Qb2 28. Be2 Qf6 29. Bf3 Qb2 30. Be2 Qf6 1/2-1/2

[Event "Chinese League Div-A Final-KO 2023"]
[Site "Xiongan"]
[Date "2023.12.02"]
[Round "1.2"]
[White "Huang, Renjie"]
[Black "Bai, Jinshi"]
[Result "1/2-1/2"]
[WhiteElo "2488"]
[BlackElo "2585"]
[Annotator "ChessBase"]
[PlyCount "60"]
[EventDate "2023.12.02"]
[EventCountry "CHN"]
[SourceTitle "playchess.com"]
[Source "ChessBase"]
[SourceQuality "1"]

1. e4 e5 2. Nf3 Nc6 3. Bb5 a6 4. Ba4 Nf6 5. O-O Nxe4 6. d4 b5 7. Bb3 d5 8. dxe5 Be6 9. Be3 Be7 10. c3 O-O 11. Nbd2 Bg4 12. Nxe4 dxe4 13. Qd5 Qxd5 14. Bxd5 exf3 15. Bxc6 fxg2 16. Rfe1 Rad8 17. a4 b4 18. cxb4 Bxb4 19. Rec1 Bd2 20. Bxd2 Rxd2 21. b4 f6 22. b5 a5 23. Bxg2 fxe5 24. Rxc7 Bf3 25. Bxf3 Rxf3 26. b6 Rfxf2 27. b7 Rg2+ 28. Kf1 Rgf2+ 29. Kg1 Rg2+ 30. Kf1 Rgf2+ 1/2-1/2

[Event "Chinese League Div-A Final-KO 2023"]
[Site "Xiongan"]
[Date "2023.12.02"]
[Round "1.3"]
[White "Ma, Qun"]
[Black "Xiao, Tong(Qd)"]
[Result "1-0"]
[WhiteElo "2653"]
[BlackElo "2480"]
[Annotator "ChessBase"]
[PlyCount "47"]
[EventDate "2023.12.02"]
[EventCountry "CHN"]
[SourceTitle "playchess.com"]
[Source "ChessBase"]
[SourceQuality "1"]

1. e4 c5 2. Nf3 d6 3. d4 cxd4 4. Nxd4 Nf6 5. Nc3 a6 6. Bg5 e6 7. f4 Qb6 8. Qd2 Qxb2 9. Rb1 Qa3 10. f5 Be7 11. fxe6 Bxe6 12. Nxe6 fxe6 13. Bc4 Nbd7 14. Bxe6 Nc5 15. Bf5 g6 16. Bh3 O-O 17. O-O Rf7 18. Qd4 Raf8 19. Bh6 Re8 20. Nd5 Qxa2 21. Rbc1 Qa4 22. Qxa4 Nxa4 23. Be6 Nc5 24. Rxf6 1-0

[Event "Chinese League Div-A Final-KO 2023"]
[Site "Xiongan"]
[Date "2023.12.02"]
[Round "1.4"]
[White "Zhang, Xiao"]
[Black "Zhai, Mo"]
[Result "0-1"]
[WhiteElo "2097"]
[BlackElo "2339"]
[Annotator "ChessBase"]
[PlyCount "72"]
[EventDate "2023.12.02"]
[EventCountry "CHN"]
[SourceTitle "playchess.com"]
[Source "ChessBase"]
[SourceQuality "1"]

1. d4 Nf6 2. c4 e6 3. Nc3 Bb4 4. e3 O-O 5. Bd3 d5 6. Nf3 dxc4 7. Bxc4 c5 8. O-O a6 9. Qe2 b5 10. Bb3 Bb7 11. dxc5 Bxc5 12. e4 b4 13. Na4 Be7 14. e5 Nd5 15. Bd2 Nd7 16. Qe4 Qb8 17. Qd4 Rd8 18. Rac1 Nc7 19. Bf4 Nc5 20. Qxb4 a5 21. Qc3 Nb5 22. Qe3 Rd3 23. Nxc5 Rxe3 24. fxe3 Qa7 25. Nxb7 Qxb7 26. Ba4 h6 27. Rfd1 g5 28. Bg3 Rd8 29. b3 Rxd1+ 30. Rxd1 Bc5 31. Bf2 Nc3 32. Rd8+ Kg7 33. Be8 Qe4 34. Rd7 Bxe3 35. Rxf7+ Kg8 36. Rd7 Qb1+ 0-1

[Event "Chinese League Div-A Final-KO 2023"]
[Site "Xiongan"]
[Date "2023.12.02"]
[Round "1.5"]
[White "Yan, Tianqi"]
[Black "Hu, Yu A."]
[Result "1/2-1/2"]
[WhiteElo "2302"]
[BlackElo "2162"]
[Annotator "ChessBase"]
[PlyCount "60"]
[EventDate "2023.12.02"]
[EventCountry "CHN"]
[SourceTitle "playchess.com"]
[Source "ChessBase"]
[SourceQuality "1"]

1. e4 e6 2. d4 d5 3. Nc3 dxe4 4. Nxe4 Bd7 5. Nf3 Bc6 6. Bd3 Nd7 7. c3 Ngf6 8. Nxf6+ Nxf6 9. O-O Be7 10. Re1 Bxf3 11. Qxf3 Qd5 12. Qh3 Qh5 13. Qg3 O-O-O 14. Bf4 Nd5 15. Be5 f6 16. c4 fxe5 17. Rxe5 Qh4 18. cxd5 Qxg3 19. hxg3 Bf6 20. Rxe6 Rxd5 21. Rae1 Rxd4 22. Bf5 Kd8 23. b3 h6 24. Kf1 c6 25. R6e4 Rd2 26. R4e2 Rd4 27. Re4 Rd2 28. R4e2 Rd4 29. Re4 Rd2 30. R4e2 Rd4 1/2-1/2

[Event "Chinese League Div-A Final-KO 2023"]
[Site "Xiongan"]
[Date "2023.12.02"]
[Round "1.6"]
[White "Ni, Hua"]
[Black "Liu, Yan"]
[Result "1/2-1/2"]
[WhiteElo "2651"]
[BlackElo "2579"]
[Annotator "ChessBase"]
[PlyCount "166"]
[EventDate "2023.12.02"]
[EventCountry "CHN"]
[SourceTitle "playchess.com"]
[Source "ChessBase"]
[SourceQuality "1"]

1. e4 e5 2. Nf3 Nf6 3. Nxe5 d6 4. Nf3 Nxe4 5. d4 d5 6. Bd3 Bf5 7. O-O Be7 8. Re1 Nc6 9. Nbd2 Nxd2 10. Qxd2 Bg6 11. Bb5 O-O 12. Bxc6 bxc6 13. Ne5 Bd6 14. Qc3 Qh4 15. g3 Qh5 16. Bf4 Bf5 17. Qxc6 Be4 18. Re3 Bxe5 19. Bxe5 Rab8 20. Qc3 Qg6 21. Rae1 Rb7 22. R1e2 Qb6 23. f3 Bf5 24. g4 Bd7 25. b3 Rc8 26. Bg3 h6 27. Re5 c5 28. Rxd5 cxd4 29. Qxd4 Bc6 30. Qxb6 axb6 31. Rd3 b5 32. Rc3 Ra7 33. Re5 Raa8 34. Rec5 Bd7 35. Rxc8+ Bxc8 36. a3 Be6 37. b4 Bc4 38. Kf2 Rc8 39. a4 bxa4 40. b5 a3 41. b6 a2 42. b7 Rb8 43. Rxc4 a1=Q 44. Rc8+ Kh7 45. Rxb8 Qa7+ 46. Kg2 Kg6 47. h4 h5 48. gxh5+ Kf5 49. Rg8 Qxb7 50. Rxg7 Ke6 51. Rg4 Qb2 52. Rc4 Qb5 53. Re4+ Kd7 54. h6 Qh5 55. Rd4+ Ke7 56. Bf4 Qg6+ 57. Bg5+ f6 58. Re4+ Kf7 59. Rf4 Qxc2+ 60. Kg3 f5 61. Rd4 Qc7+ 62. Bf4 Qe7 63. Rd1 Kg8 64. Rc1 Qe6 65. h5 Kh8 66. Kh3 Qe2 67. Rc8+ Kh7 68. Rc7+ Kh8 69. Kh4 Kg8 70. Kg5 Qg2+ 71. Kf6 Qb2+ 72. Kg5 Qg2+ 73. Kf6 Qb2+ 74. Kxf5 Qb1+ 75. Kg4 Qg1+ 76. Bg3 Qd4+ 77. Kh3 Qf6 78. Rg7+ Kh8 79. Rg6 Qxf3 80. Kh4 Kh7 81. Rd6 Qf5 82. Rg6 Qf3 83. Rd6 Qf5 1/2-1/2

[Event "Chinese League Div-A Final-KO 2023"]
[Site "Xiongan"]
[Date "2023.12.02"]
[Round "1.7"]
[White "Bu, Xiangzhi"]
[Black "Xu, Yi"]
[Result "1/2-1/2"]
[WhiteElo "2677"]
[BlackElo "2500"]
[Annotator "ChessBase"]
[PlyCount "62"]
[EventDate "2023.12.02"]
[EventCountry "CHN"]
[SourceTitle "playchess.com"]
[Source "ChessBase"]
[SourceQuality "1"]

1. Nf3 d5 2. e3 Nf6 3. c4 e6 4. Nc3 b6 5. cxd5 exd5 6. g3 Bb7 7. Bg2 g6 8. O-O Bg7 9. b3 O-O 10. Bb2 Nbd7 11. Rc1 a6 12. d4 Re8 13. Rc2 Ne4 14. Ne2 a5 15. Nf4 a4 16. Qc1 c6 17. Rd1 axb3 18. axb3 Qe7 19. Bh3 f5 20. Bf1 Ra2 21. Nd3 Rea8 22. h4 Kh8 23. h5 g5 24. b4 b5 25. Nfe5 Nb6 26. h6 Bf6 27. Bg2 Nc4 28. Bc3 Nxc3 29. Rxc3 Nxe5 30. dxe5 Bxe5 31. Rc2 Ra1 1/2-1/2

[Event "Chinese League Div-A Final-KO 2023"]
[Site "Xiongan"]
[Date "2023.12.02"]
[Round "1.8"]
[White "Zhang, Zhong"]
[Black "Zeng, Chongsheng"]
[Result "0-1"]
[WhiteElo "2578"]
[BlackElo "2577"]
[Annotator "ChessBase"]
[PlyCount "142"]
[EventDate "2023.12.02"]
[EventCountry "CHN"]
[SourceTitle "playchess.com"]
[Source "ChessBase"]
[SourceQuality "1"]

1. Nf3 d5 2. d4 Nf6 3. c4 c6 4. Nc3 e6 5. Bg5 h6 6. Bxf6 Qxf6 7. e3 g6 8. Rc1 Qd8 9. a3 Bg7 10. cxd5 exd5 11. Bd3 O-O 12. O-O Be6 13. b4 Nd7 14. Na4 Qe7 15. Nd2 Rfc8 16. Nb3 b6 17. Re1 Qd6 18. h3 Rc7 19. Re2 Re8 20. Rec2 Nb8 21. Nc3 Rce7 22. Ne2 Bd7 23. Nd2 h5 24. Nf3 Bc8 25. Nf4 Bb7 26. b5 Rc8 27. bxc6 Nxc6 28. Rc3 Rec7 29. Ne2 Na5 30. Rxc7 Rxc7 31. Rxc7 Qxc7 32. a4 Nc4 33. Qb1 Nd6 34. Nf4 Nc4 35. Bxg6 fxg6 36. Qxg6 Qf7 37. Qg5 Nd6 38. Nxh5 Ne4 39. Qd8+ Bf8 40. Nf4 Qe7 41. Qb8 Bc6 42. Ne5 Bxa4 43. Nxd5 Qd6 44. Qb7 Be8 45. Nc7 Qe7 46. Qxa7 b5 47. Qa2+ Kg7 48. Ne6+ Kh8 49. Nf4 Qf6 50. Qa8 Nd6 51. Nd5 Qg7 52. Qd8 Bf7 53. Ne7 Be8 54. Nd5 Bf7 55. Nf4 b4 56. Qb8 b3 57. Nd7 Ne8 58. Qb5 Bd6 59. Nd3 Nc7 60. Qb8+ Qg8 61. Qb6 Bd5 62. g3 Qe6 63. N7c5 Qxh3 64. e4 Bxg3 65. Qf6+ Kh7 66. fxg3 Qxg3+ 67. Kf1 Bc4 68. Ke2 b2 69. Qf1 Ne6 70. Kd2 Nxc5 71. Qf5+ Kg7 0-1

[Event "Chinese League Div-A Final-KO 2023"]
[Site "Xiongan"]
[Date "2023.12.02"]
[Round "1.9"]
[White "Wang, Chuqiao"]
[Black "Ju, Wenjun"]
[Result "1/2-1/2"]
[WhiteElo "2215"]
[BlackElo "2560"]
[Annotator "ChessBase"]
[PlyCount "89"]
[EventDate "2023.12.02"]
[EventCountry "CHN"]
[SourceTitle "playchess.com"]
[Source "ChessBase"]
[SourceQuality "1"]

1. d4 Nf6 2. c4 e6 3. Nf3 b6 4. g3 Bb4+ 5. Bd2 c5 6. Bxb4 cxb4 7. Bg2 Bb7 8. O-O a5 9. Qd3 O-O 10. Nbd2 d6 11. Rfd1 Qc7 12. Ne1 Bxg2 13. Nxg2 Nc6 14. Ne3 Rac8 15. a3 Rfe8 16. Rac1 h6 17. Ne4 Nxe4 18. Qxe4 bxa3 19. bxa3 Nb8 20. Qb1 Qc6 21. Qb5 Qxb5 22. cxb5 d5 23. Kf1 Kf8 24. Ke1 Ke7 25. Kd2 Nd7 26. Rxc8 Rxc8 27. Rc1 Rxc1 28. Kxc1 Nf6 29. f3 Ne8 30. Kc2 Nd6 31. a4 h5 32. h4 f6 33. Kc3 g5 34. Kd3 Kf7 35. Kc3 Kg7 36. Kc2 Kf7 37. Kc3 Nc8 38. Kd3 Ne7 39. Kd2 gxh4 40. gxh4 e5 41. Kc3 Ke6 42. Kd3 Kd6 43. Kc3 Ke6 44. Kd3 Kd6 45. Kc3 1/2-1/2

[Event "Chinese League Div-A Final-KO 2023"]
[Site "Xiongan"]
[Date "2023.12.02"]
[Round "1.10"]
[White "Ni, Shiqun"]
[Black "Huang, Qian"]
[Result "1/2-1/2"]
[WhiteElo "2311"]
[BlackElo "2410"]
[Annotator "ChessBase"]
[PlyCount "35"]
[EventDate "2023.12.02"]
[EventCountry "CHN"]
[SourceTitle "playchess.com"]
[Source "ChessBase"]
[SourceQuality "1"]

1. e4 c5 2. Nf3 d6 3. d4 cxd4 4. Nxd4 Nf6 5. Nc3 a6 6. h3 e5 7. Nde2 b5 8. Ng3 Bb7 9. a4 b4 10. Nd5 Nxd5 11. exd5 Qa5 12. Bc4 Nd7 13. O-O Rc8 14. Bb3 Nc5 15. Bc4 Nd7 16. Bb3 Nc5 17. Bc4 Nd7 18. Bb3 1/2-1/2

[Event "Chinese League Div-A Final-KO 2023"]
[Site "Xiongan"]
[Date "2023.12.02"]
[Round "1.11"]
[White "Nie, Xinyang"]
[Black "Wang, Shixu B"]
[Result "1/2-1/2"]
[WhiteElo "2438"]
[BlackElo "2409"]
[Annotator "ChessBase"]
[PlyCount "110"]
[EventDate "2023.12.02"]
[EventCountry "CHN"]
[SourceTitle "playchess.com"]
[Source "ChessBase"]
[SourceQuality "1"]

1. d4 Nf6 2. Nf3 d5 3. c4 e6 4. Nc3 Be7 5. Bg5 h6 6. Bxf6 Bxf6 7. e3 O-O 8. Rc1 c6 9. b3 Nd7 10. Bd3 b6 11. O-O Bb7 12. Bb1 c5 13. cxd5 exd5 14. Re1 Re8 15. Bf5 Be7 16. dxc5 Nxc5 17. Nd4 Bf6 18. b4 Ne4 19. b5 Nxc3 20. Rxc3 a6 21. a4 axb5 22. axb5 Qd6 23. Rd3 Ra2 24. Rb3 g6 25. Bb1 Ra1 26. Re2 Rc8 27. Ra2 Rxa2 28. Bxa2 Rc5 29. Rb1 Qc7 30. h3 h5 31. Qd2 Kg7 32. Rd1 h4 33. Bb1 Qe5 34. Bd3 Be7 35. Bf1 Rc8 36. Nf3 Qf6 37. Qd4 Qxd4 38. Nxd4 Bf6 39. Nc6 Bxc6 40. bxc6 Rxc6 41. Rxd5 Rc1 42. g3 hxg3 43. fxg3 Be7 44. Kf2 Bc5 45. Be2 Rc3 46. Rd3 Rc2 47. Rb3 Kf6 48. Kf3 Ke5 49. h4 Rd2 50. g4 Rd6 51. Kg2 Rd8 52. Bc4 Kf6 53. e4 Kg7 54. Rd3 Rd6 55. Rd4 Rxd4 1/2-1/2

[Event "Chinese League Div-A Final-KO 2023"]
[Site "Xiongan"]
[Date "2023.12.02"]
[Round "1.12"]
[White "Wang, Yue"]
[Black "Wan, Yunguo"]
[Result "1-0"]
[WhiteElo "2659"]
[BlackElo "2508"]
[Annotator "ChessBase"]
[PlyCount "103"]
[EventDate "2023.12.02"]
[EventCountry "CHN"]
[SourceTitle "playchess.com"]
[Source "ChessBase"]
[SourceQuality "1"]

1. d4 Nf6 2. c4 e6 3. Nf3 d5 4. Nc3 Bb4 5. Qa4+ Nc6 6. Bd2 O-O 7. a3 Bxc3 8. Bxc3 Ne4 9. Qc2 e5 10. dxe5 Nxc3 11. Qxc3 d4 12. Qd2 Bg4 13. O-O-O Qe7 14. Nxd4 Rad8 15. Nxc6 bxc6 16. Qe3 Qe6 17. Qf4 Rxd1+ 18. Kxd1 Rd8+ 19. Ke1 Qd7 20. f3 Be6 21. g4 Qd1+ 22. Kf2 Qb3 23. Qc1 Bxc4 24. Bg2 h6 25. Re1 a5 26. f4 a4 27. Bf3 Qb6+ 28. e3 Bd5 29. Rd1 Rb8 30. Rd2 Bxf3 31. Kxf3 c5 32. Qd1 Qc6+ 33. Kf2 Rb3 34. Qf3 Qe8 35. Qd5 Kh7 36. Qxc5 h5 37. Qc2+ g6 38. gxh5 Qe7 39. hxg6+ fxg6 40. Ke2 Qh4 41. Qxc7+ Kh6 42. Qc6 Qxh2+ 43. Kd1 Qh3 44. Qg2 Qh5+ 45. Re2 Kg7 46. Kc1 Qf5 47. Qc6 Qd3 48. Qc7+ Kg8 49. Qc2 Qa6 50. Kb1 Rd3 51. Re1 Kg7 52. Qc7+ 1-0

[Event "Chinese League Div-A Final-KO 2023"]
[Site "Xiongan"]
[Date "2023.12.02"]
[Round "1.13"]
[White "Peng, Xiongjian"]
[Black "Dai, Changren"]
[Result "0-1"]
[WhiteElo "2525"]
[BlackElo "2491"]
[Annotator "ChessBase"]
[PlyCount "96"]
[EventDate "2023.12.02"]
[EventCountry "CHN"]
[SourceTitle "playchess.com"]
[Source "ChessBase"]
[SourceQuality "1"]

1. e4 e5 2. Nf3 Nc6 3. Bb5 a6 4. Ba4 Nf6 5. d3 b5 6. Bb3 Bc5 7. a4 Rb8 8. axb5 axb5 9. Nc3 h6 10. Be3 d6 11. O-O O-O 12. h3 Bxe3 13. fxe3 Be6 14. Nd5 Bxd5 15. exd5 Ne7 16. e4 Ng6 17. Qd2 Ra8 18. Kh2 Qd7 19. Qe3 Nh5 20. Rxa8 Rxa8 21. Ng1 Qe7 22. Qf3 Nf6 23. Ne2 Nd7 24. Nc3 Rb8 25. Na2 Nc5 26. Nb4 Ra8 27. Nc6 Qd7 28. g3 Qe8 29. Nb4 Ne7 30. Ba2 Na4 31. Rb1 Qd7 32. c3 f5 33. d4 fxe4 34. Qxe4 exd4 35. Nc6 Nf5 36. Qxf5 Qxf5 37. Ne7+ Kh7 38. Nxf5 Nxc3 39. bxc3 Rxa2+ 40. Kg1 dxc3 41. Nd4 Rd2 42. Nf3 Rxd5 43. Ne1 Rd2 44. Kf1 c5 45. Nf3 Rb2 46. Rxb2 cxb2 47. Nd2 c4 48. Nb1 b4 0-1

[Event "Chinese League Div-A Final-KO 2023"]
[Site "Xiongan"]
[Date "2023.12.02"]
[Round "1.14"]
[White "Xiao, Yiyi"]
[Black "Sun, Fanghui"]
[Result "1/2-1/2"]
[WhiteElo "2343"]
[BlackElo "2125"]
[Annotator "ChessBase"]
[PlyCount "60"]
[EventDate "2023.12.02"]
[EventCountry "CHN"]
[SourceTitle "playchess.com"]
[Source "ChessBase"]
[SourceQuality "1"]

1. d4 d5 2. c4 c6 3. e3 Nf6 4. Nc3 g6 5. Nf3 Bg7 6. Be2 O-O 7. O-O dxc4 8. Bxc4 Bg4 9. h3 Bxf3 10. Qxf3 Nbd7 11. Rd1 e5 12. d5 e4 13. Nxe4 Nxe4 14. Qxe4 Nb6 15. Bb3 Nxd5 16. Qf3 Qf6 17. Qxf6 Nxf6 18. Rb1 Rfd8 19. Kf1 b5 20. a4 a5 21. f3 Nd7 22. Bc2 Nb6 23. b3 Rxd1+ 24. Bxd1 Rd8 25. Bc2 Nd5 26. Bd2 Nc3 27. Bxc3 Bxc3 28. Rd1 Rxd1+ 29. Bxd1 Kf8 30. Ke2 bxa4 1/2-1/2

[Event "Chinese League Div-A Final-KO 2023"]
[Site "Xiongan"]
[Date "2023.12.02"]
[Round "1.15"]
[White "Zhang, Lanlin"]
[Black "Zhang, Xiaowen"]
[Result "1-0"]
[WhiteElo "2251"]
[BlackElo "2261"]
[Annotator "ChessBase"]
[PlyCount "61"]
[EventDate "2023.12.02"]
[EventCountry "CHN"]
[SourceTitle "playchess.com"]
[Source "ChessBase"]
[SourceQuality "1"]

1. e4 e6 2. d4 d5 3. e5 c5 4. c3 Nc6 5. Nf3 Bd7 6. Be2 Nge7 7. O-O cxd4 8. cxd4 Nf5 9. Nc3 a6 10. Kh1 Rc8 11. g4 Nh4 12. Nxh4 Qxh4 13. f4 Bb4 14. Be3 Na5 15. a3 Nc4 16. Bxc4 Bxc3 17. Bd3 Bxb2 18. Rb1 Bxa3 19. Rxb7 Qh3 20. Qe2 Rd8 21. Bd2 O-O 22. Rb3 Be7 23. Bc2 Qh4 24. Be1 Qh6 25. g5 Bxg5 26. fxg5 Qxg5 27. Rg3 Qh6 28. Bd2 Qh4 29. Rf4 Qe7 30. Bxh7+ Kxh7 31. Qh5+ 1-0

[Event "Chinese League Div-A Final-KO 2023"]
[Site "Xiongan"]
[Date "2023.12.02"]
[Round "1.16"]
[White "Wang, Hao"]
[Black "Xu, Jun"]
[Result "1-0"]
[WhiteElo "2694"]
[BlackElo "2470"]
[Annotator "TA"]
[PlyCount "87"]
[EventDate "2023.12.02"]
[EventCountry "CHN"]
[SourceTitle "playchess.com"]
[Source "ChessBase"]
[SourceQuality "1"]

{[%evp 11,87,21,43,27,31,33,58,52,39,43,42,31,49,41,58,70,70,63,71,54,82,90,77,71,83,90,95,96,81,95,105,82,79,100,104,20,23,29,94,87,83,68,109,62,103,98,96,100,87,108,100,81,93,88,85,66,74,55,66,0,0,0,570,504,452,428,866,708,693,645,1451,1132,1414,1133,1669,1345,29983,29984]} 1. e4 c5 2. Nf3 d6 3. d4 cxd4 4. Nxd4 Nf6 5. Nc3 a6 6. f3 Qb6 7. g4 {B90: Sicilian Najdorf: Unusual White 6th moves, 6 Be3 Ng4 and 6 Be3 e5.} Nc6 8. Nb3 e6 9. Qe2 {White is slightly better.} Qc7 10. Be3 b5 11. O-O-O b4 12. Na4 Rb8 {Against Nb6} 13. Kb1 Nd7 {[#]} 14. g5 $146 ({Predecessor:} 14. h4 Nd8 15. Nd2 Bb7 16. b3 Be7 17. Qh2 Nc6 18. g5 Nce5 19. Qg3 Rc8 20. Rc1 {1-0 Bondi,A (2349)-Harvey,J (2353) WS MN/078 email 2012}) 14... Bb7 15. Qf2 Nce5 {And now ...Bc6 would win.} 16. Nb6 Be7 17. h4 Bc6 {[%cal Rd7b6]} 18. Nxd7 Bxd7 19. Ba7 $1 (19. Bxa6 Ra8 20. Bf1 O-O $11) 19... Rb7 20. Bd4 a5 21. Qg3 {[%cal Ob3c5] Strongly threatening Nc5!} Nc6 22. Bxg7 Rg8 23. Bd4 {White has more active pieces.} (23. Bh6 $1 $16) 23... a4 $11 24. Nc1 a3 (24... Nxd4 $11 25. Rxd4 a3) 25. Be3 $16 axb2 26. Nb3 $36 {[%cal Of3f4][%mdl 2048] Black is under pressure.} Na7 27. Rh2 (27. Kxb2 $2 Qc3+ 28. Kb1 Qxe3 $19) (27. f4 $16) 27... Nb5 28. Bxb5 Rxb5 (28... Bxb5 29. Bd4 $14) 29. Rhd2 (29. Kxb2 $2 Qc3+ 30. Kb1 Qxe3 $19) 29... e5 {Repels Bd4} 30. f4 {[%cal Bf3f4,Bf4f5,Bf5f6][%mdl 32] Hoping for fxe5.} (30. Rd3 f5 $15) 30... Be6 31. f5 Bc4 32. f6 (32. Kxb2 $6 Rb8 $11) 32... Bf8 (32... Bxf6 33. Rxd6 Be7 34. Ra6 $16 (34. Rd7 Qxd7 35. Rxd7 Kxd7 $16)) 33. Qg4 Be6 {[#]} 34. Qe2 {The board is on fire.} Bc4 35. Qg4 ({White should try} 35. Qf2 $14) 35... Be6 $1 $11 36. Qf3 Qc4 $2 {[%mdl 8192] [#]} (36... Rb8 $1 $11 {and Black is okay.}) 37. Rxd6 $1 $18 Bxd6 38. Rxd6 Rb8 (38... Qc7 $142 39. Qd1 Bxb3 40. cxb3 Rg6) 39. Qd1 {Black is weak on the dark squares} Qc7 {Prevents Ba7.} 40. Nc5 Rd8 41. Rxd8+ ({Not} 41. Nxe6 Qxd6 42. Ng7+ Kd7 $17) 41... Qxd8 42. Qe2 (42. Qxd8+ Kxd8 43. Nxe6+ (43. Kxb2 Bc4 $16) 43... fxe6 44. Kxb2 Ke8 $18) 42... Qa5 43. Nxe6 {[%cal Oe2c4] Threatening mate with Qc4!} (43. Kxb2 $2 {loses.} Qa3+ 44. Kb1 Bxa2+ 45. Ka1 Bc4+ 46. Kb1 Bxe2 $19) 43... fxe6 44. Qh5+ {An entertaining game by Wang.   Weighted Error Value: White=0.11 (very precise) /Black=0.38} 1-0

[Event "Chinese League Div-A Final-KO 2023"]
[Site "Xiongan"]
[Date "2023.12.02"]
[Round "1.17"]
[White "Chen, Qi b"]
[Black "Zhou, Weiqi"]
[Result "1-0"]
[WhiteElo "2463"]
[BlackElo "2593"]
[Annotator "ChessBase"]
[PlyCount "119"]
[EventDate "2023.12.02"]
[EventCountry "CHN"]
[SourceTitle "playchess.com"]
[Source "ChessBase"]
[SourceQuality "1"]

1. e4 c6 2. d4 d5 3. e5 Bf5 4. h4 h5 5. Bd3 Bxd3 6. Qxd3 Qa5+ 7. Nd2 e6 8. Ngf3 Qa6 9. c4 c5 10. Qb3 Nc6 11. dxc5 Bxc5 12. O-O Rd8 13. cxd5 Rxd5 14. Ne4 Be7 15. Rd1 Qb5 16. Rxd5 Qxb3 17. axb3 exd5 18. Nc3 d4 19. Nb5 Bc5 20. Bd2 Nh6 21. Rc1 Bb6 22. Nbxd4 Ng4 23. Nxc6 Bxf2+ 24. Kf1 bxc6 25. Rxc6 Kd7 26. Rd6+ Kc8 27. e6 fxe6 28. Rxe6 Rf8 29. Ke2 Rf7 30. Bc3 Bb6 31. Rc6+ Kd8 32. Rg6 Re7+ 33. Kd3 Nf2+ 34. Kc4 Ng4 35. Kb5 Re2 36. Rxg7 Rxg2 37. Ne5 Bf2 38. Nc6+ Ke8 39. Re7+ Kf8 40. Rh7 Bxh4 41. Rxh5 Bf2 42. Rh8+ Kf7 43. Nxa7 Ne3 44. Nc6 Nd5 45. Ne5+ Ke7 46. Rh7+ Ke6 47. Rh6+ Ke7 48. Nc6+ Ke8 49. Be5 Kf7 50. Rd6 Nc7+ 51. Ka4 Ne6 52. b4 Bg1 53. Bc3 Re2 54. Ka5 Ke8 55. Rd1 Rg2 56. b5 Nc5 57. b6 Nb7+ 58. Ka6 Nc5+ 59. Kb5 Nb7 60. b4 1-0

[Event "Chinese League Div-A Final-KO 2023"]
[Site "Xiongan"]
[Date "2023.12.02"]
[Round "1.18"]
[White "Ye, Jiangchuan"]
[Black "Wei, Yi"]
[Result "0-1"]
[WhiteElo "2603"]
[BlackElo "2729"]
[Annotator "TA"]
[PlyCount "104"]
[EventDate "2023.12.02"]
[EventCountry "CHN"]
[SourceTitle "playchess.com"]
[Source "ChessBase"]
[SourceQuality "1"]

{[%evp 11,104,35,29,32,43,37,39,44,50,48,41,47,48,25,28,-1,22,-17,-8,-22,0,-23,0,-34,-31,-57,-49,-86,-67,-135,-139,-120,-119,-143,-70,-83,-99,-112,-97,-92,-68,-71,-68,-107,-106,-100,-99,-155,-147,-136,-87,-115,-107,-191,-187,-187,-186,-276,-263,-256,-239,-350,-327,-354,-332,-374,-358,-381,-374,-353,-278,-921,-1022,-979,-839,-2094,-1622,-1464,-652,-12836,-12836,-12841,-12841,-12842,-12842,-12842,-12843,-12843,-12843,-12845,-12845,-12845,-12846,-12850,-27999]} 1. e4 c6 2. Nc3 d5 3. Nf3 Bg4 {[%cal Bc8g4,Bg4h5,Bh5g6][%mdl 32]} 4. h3 Bh5 5. g4 Bg6 6. exd5 cxd5 7. Ne5 {B11: Caro-Kann: Two Knights Variation.} Nc6 8. d4 f6 $5 {[%mdl 4] Leaves trodden paths.} 9. Nxg6 {White is slightly better.} hxg6 10. Be3 e6 11. Qd3 Kf7 {[#]} 12. h4 $146 ({Predecessor:} 12. O-O-O Rc8 13. Kb1 Na5 14. Bc1 Bd6 15. h4 Ne7 16. f4 Nc4 17. h5 gxh5 18. Rxh5 Rxh5 19. gxh5 f5 20. Ne2 Qb6 {½-½ Arjun,K (2477)-Delchev,A (2521) Arandjelovac GM 2nd 2021 (7)}) 12... Rc8 13. a3 Bd6 14. Bg2 (14. h5 {is interesting.} g5 15. O-O-O Nge7 16. Kb1) 14... Nge7 15. Kf1 a6 (15... f5 {feels hotter.} 16. Bg5 Qb6 17. Nb5 Bb8) 16. Kg1 Qb6 (16... g5 {keeps more tension.} 17. hxg5 Rxh1+ 18. Kxh1 Qh8+) 17. Rb1 (17. Na4 $5 {[%cal Ra4b6]} Qc7 18. Re1 $11) 17... Na5 18. Bd2 Nc4 19. Be1 Rh6 {Black is much more active. The white rooks are badly placed.} 20. h5 (20. a4 $1 $15) 20... gxh5 $17 (20... Nxb2 $6 21. Qf3 $11) 21. Rxh5 Rch8 ({Don't take} 21... Nxb2 22. Rxh6 Nxd3 23. Rxb6 $14) 22. Bf3 Nc6 ({But not} 22... Nxb2 $6 23. Rxh6 Rxh6 24. Qe3 $11) (22... Qd8 $17 {Strongly threatening ...Rxh5.} 23. Bd2 Rxh5 24. gxh5 Bc7) 23. Rxd5 exd5 24. Bxd5+ Kf8 25. Qxc4 Qxd4 (25... Rg6 {is more complex.} 26. Bf3 Qxd4 27. Qe6 Qe5) 26. Qxd4 Nxd4 27. Rd1 Nxc2 28. Bxb7 Be5 29. Kf1 ({Better is} 29. g5 Rh3 30. Bd2) 29... Nxe1 30. Kxe1 Rh3 (30... Bxc3+ $142 31. bxc3 Ke7) 31. Bg2 Rh2 32. Bf3 {[#]} (32. Rd3 $17) 32... Bxc3+ $1 $19 33. bxc3 {[%mdl 4096] Endgame [#] KRR-KRB} Ke7 $1 {Prevents Rd7+.} 34. Ke2 (34. Kf1 {keeps fighting.}) 34... Rb8 35. Rd2 Rb3 {[%csl LRa3,LRc3]} 36. c4 (36. Kd3 {was called for.}) 36... Rh3 (36... Rxa3 $2 {loses.} 37. c5 $19) 37. Bd5 Rxa3 38. c5 Rhc3 39. c6 Ra4 {Dodges Be4} 40. f3 a5 {Hoping for ...Rb4.} 41. Be4 $2 {[#]} (41. Kf2) 41... Rxe4+ $1 {[%mdl 512] Black is clearly winning.} 42. fxe4 Rxc6 {...a4 would be deadly. KR-KR} 43. Rb2 Kd6 44. Kd3 a4 (44... Ra6 $142 45. Rb5 a4) 45. Rb7 Ra6 46. Kc2 a3 {[%cal Ba4a3,Ba3a2][%mdl 32]} 47. Kb1 a2+ 48. Ka1 g5 49. Rb5 Ra4 50. Rf5 Ke6 51. Rb5 Rxe4 52. Kxa2 Rxg4 {Weighted Error Value: White=0.50/Black=0.15 (very precise)} 0-1